000 00764cam a2200241 4500
008
049 _aMAIN
090 _aQR111 ECO
111 2 _aInternational Symposium on the Ecology of Soil Fungi
245 1 4 _aThe ecology of soil fungi,
_ban international symposium;
_cedited by D. Parkinson and J. S. Waid.
260 _aLiverpool
_bLiverpool University Press,
_c1960.
300 _axi, 324 p.
_bill. ;
_c25 cm.
500 _aIncludes index.
504 _aIncludes bibliographical references.
650 0 _aSoil fungi.
700 1 _aParkinson, Donald
700 1 _aWaid, J. S.
907 _a.b10230944
_b13-02-07
_c13-02-07
003
005 20230123134354.0
040 _cNUST
942 _cBOOKS
_kQR111 ECO
999 _c164759
_d164759